| 000 | 00796nam a2200193 i 4500 | ||
|---|---|---|---|
| 001 | 46691 | ||
| 003 | ES-MaACL | ||
| 005 | 20230906161429.0 | ||
| 007 | t| | ||
| 008 | 030331s1955 sp ||||1| spa d | ||
| 111 | 2 |
_aCongreso Internacional de genealogía y Heráldica ( _n3º. _d1955. _cMadrid) _9432 |
|
| 245 | 1 | 0 |
_aComunicaciones y conclusiones del III Congreso internacional de genealogía y heráldica _b: Madrid, 6 al 11 de octubre de 1955. |
| 260 |
_aMadrid : _bInstituto Internacional de Genealogía y Heráldica, _c1955. |
||
| 300 |
_a720 p. ; _c26 cm. |
||
| 650 | 4 |
_aGenealogía- _vCongresos y asambleas. _9157624 |
|
| 650 | 4 |
_aHeráldica- _vCongresos y asambleas. _9157625 |
|
| 710 | 2 |
_aInstituto Internacional de Genealogía y Heráldica. _95098 |
|
| 852 |
_aES-MaACL _jL-10766 _bR.110987 |
||
| 999 |
_c46691 _d46691 |
||